000 00843nam a2200229 a 4500
001 BRCA_2608
005 20190320203904.0
008 281108s1915----gw-a---###---#000-0#ger-u
050 4 _aNK1125
_b.K63 1915
100 1 _aKoch, Gunther
_97442
245 1 0 _aKunstwerke und Bücher am Markte
_bAuktion-Falschun gen-Preise, und was sie lehren, mit Anfuhrung wichtiger Literatur uber Kunstgewerbe, Malerei, Graphische Kunste, Bildnerei...
_cvon Gunther Koch.
260 _aEsslingen a. N., Alemania
_bP. Neff
_c1915
300 _a536 p.
_bil., fotos
_c29 cm.
500 _aIncluye índice analítico y de imágenes.
500 _aA73
650 1 4 _aMarchands
_97443
650 1 4 _aLibreros y librerías
_97444
650 1 4 _aArte
_xColeccionistas y colecciones
_97445
650 1 4 _aArte
_xIndustria y comercio
_97236
902 _aGFM
942 _2lcc
_cB
999 _c2348
_d2348